Christliche Einweyhung Der Newgestifften Volckenßdorffischen Erbbegräbnuß und daruber erbawten ansehlichen Kirchen/ Gehalten Mit und bey Leuchbegängnuß Deß Wolgebornen herrn herzn Wolff Wilhelms [...]

Bibliographic Details
Main Author: Hizler, Daniel, 1576-1635 (Author)
Corporate Author: Planck, Johann (Linz, Rakúsko) (Printer)
Format: Book
Language:German
PhysicalDescription:164 strán 20 cm
Published: (Gedruckt Lintz) (bey Johan Blacken) (M. DC. XIX) [=1619]
Subjects:

MARC

LEADER 00000nam a2200000 a 4500
001 vtls011786850
003 SK-MaSNL
005 20260429134256.0
008 251112s1619 au 000 0 ger
015 |a SNBHFA1619 
035 |a EF7A02CD-8920-47BB-8EE4-003CF4E70D76 
035 |a urn:nbn:sk:snk-am3ic0u 
035 |a urn:nbn:sk:snk-am00e2gn 
040 |a SNKHF  |b slo  |c SNK  |e AACR2 
041 0 |a ger 
044 |a au  |c AT 
072 7 |a 2  |x Náboženstvo  |2 konspekt 
072 7 |a 27  |x Kresťanstvo. Kresťanská cirkev všeobecne. Ekleziológia  |2 konspekt 
080 |a 21/29-1/-9  |2 2011 
080 |a 27  |2 2011 
080 |a 2-1  |2 2011 
100 1 |a Hizler, Daniel,  |d 1576-1635  |4 aut  |9 559569 
245 1 0 |a Christliche Einweyhung Der Newgestifften Volckenßdorffischen Erbbegräbnuß und daruber erbawten ansehlichen Kirchen/ Gehalten Mit und bey Leuchbegängnuß Deß Wolgebornen herrn herzn Wolff Wilhelms [...]  |c M. Danile Hitzler 
260 |a (Gedruckt Lintz)  |b (bey Johan Blacken)  |c (M. DC. XIX) [=1619] 
300 |a 164 strán  |c 20 cm 
500 |a Iniciálky s ornamentálnym pozadím na 3-5 r., živé záhlavie, kustódy 
501 |a Príväzok 1. k: HIZLER, Daniel. Tröstlicher Rahtschluß Der H. Dreyfältigkeit Vber dem früen Tod deß Gerechten Bey der Leuchbegängnuß Deß Wolgebornen herzn/ herrn Wilhelm herrn von und zu Volckensdorff. (Gedruckt zu Lintz) : (bey Johann Blacken), (M. DC. XCIII.) [=1618].  |5 SNK ID 100715 
504 |a Tlačené marginálie 
508 |a Dedikácia: Herrn Wolff Wilhelms Herrn von und zu Volckhenßdorff/ Herrn auff Weissenburg 
546 |a Nemčina  |b Fraktura 
550 |a Tlačiarenské údaje prevzaté z kolofónu 
561 |a Z knižnice Učenej spoločnosti malohontskej.  |5 SNK ID 100715/prív.1 
563 |a Pergamenová väzba.  |5 SNK ID 100715/prív.1 
650 0 7 |a teológia  |2 SNKPH  |9 1814 
700 1 |a Volckensdorff, Wilhelm,  |d 1595-1612  |4 hnr  |9 559512 
710 2 |a Učená spoločnosť malohontská  |4 fmo  |9 205374 
710 0 |a Planck, Johann (Linz, Rakúsko),  |d 1616-1627  |4 prt  |9 559513 
752 |a Rakúsko  |d Linz 
852 |a snk  |b Historické fondy  |p ID 100715/prív.1 
958 |a ONDV 
999 |c 858321  |d 860251 
952 |t MHC II.B.g.105  |a SNK  |b SNK  |c SNK_HF  |y PREZ  |7 0  |p 17A1301581  |o snkID 100715/prív.1  |i snk2018/21716  |8 5  |0 0  |1 0  |4 0  |d 2018-10-23  |f 1  |l 0  |r 2026-02-24 05:03:26  |w 2026-02-24